SNL Sketches of the 90s & 00s Quiz Stats

 Plays Quiz Updated Feb 14, 2012

Score 0/23 Timer 06:00
1 Play Today
Cast members Sketch name % Correct
Mike Myers (as Wayne Campbell), Dana Carvey (as Garth Algar)Wayne's World
95.3%
Will Ferrell (as Alex Trebek), Darrell Hammond (as Sean Connery)Celebrity Jeopardy
94.7%
Dana Carvey (as Enid Strict)Church Chat
75.3%
Will Ferrell (as Craig), Cheri Oteri (as Arianna)The Spartan Cheerleaders
71.1%
Will Forte (as a MacGyver parody)MacGruber
67.4%
Tim Meadows (as Leon Phelps)The Ladies Man
62.9%
Rachel Dratch (as a constantly depressing woman)Debbie Downer
62.1%
Stephen Colbert (voice of Ace), Steve Carell (voice of Gary)The Ambiguously Gay Duo
50.6%
Kevin Nealon (as Franz), Dana Carvey (as Hans)Pumping Up with Hans & Franz
49%
Joe Mantegna (as Bill Swerski), George Wendt (as Bob Swerski), Chris Farley (as Todd O'Connor), John Goodman (as Pat Arnold)Bill Swerski's Superfans
48.5%
Will Ferrell (as Steve), Chris Kattan (as Doug)The Roxbury Guys
37.6%
Tracy Morgan (as the amateur host of a wildlife program)Brian Fellow's Safari Planet
34.2%
Cast members Sketch name % Correct
Mike Myers (as Dieter)Sprockets
30.7%
Chris Farley (as a motivational speaker who lives in a VAN down by the RIVER!)Matt Foley, Motivational Speaker
30.4%
Adam Sandler (as a naive man in a boyscout uniform)Canteen Boy
29.7%
A cat puppet, Dana Carvey/Steve Martin (as Lyle), Victoria Jackson (as Brenda)Toonces the Driving Cat
25.7%
Christopher Walken (as a failed ladies' man)The Continental
23.5%
Will Ferrell, Mark McKinney, David Koechner, Tim Meadows (as mutual friends of him, 'the best damned salesman in the office')Bill Brasky Buddies
20.5%
Al Franken (as Stuart Smalley)Daily Affirmation with Stuart Smalley
18.5%
Jimmy Fallon (as Jarrett), Horatio Sanz (as Gobi)Jarrett's Room
10.9%
Chris Kattan (as Azrael Abyss), Molly Shannon (as Circe Nightshade)Goth Talk
10.2%
Kenan Thompson (as DJ Dynasty Handbag), Andy Samberg (as T'Shane)Deep House Dish
5.2%
Will Ferrell (as Tom Wilkins), Cheri Oteri (as Cass Van Rye)Morning Latte
4.9%

You're not logged in!

Compare scores with friends on all Sporcle quizzes.
OR
Log In

Sporcle TV

Today on Sporcle TV


Watch our educational content, quiz creation guides, and fun videos on Sporcle TV.

Show Comments

Extras

Top Quizzes Today


Score Distribution

Your Account Isn't Verified!

In order to create a playlist on Sporcle, you need to verify the email address you used during registration. Go to your Sporcle Settings to finish the process.

Report this User

Report this user for behavior that violates our Community Guidelines.

Details: